000 00438nam a2200181Ia 4500
008 090124s9999 xx 000 0 und d
082 _b121592
100 _aसामंत माया
245 _a बाधा
250 _a1
260 _c1986
300 _a139
600 _aसामंत माया
630 _a बाधा
700 _aसामंत माया
730 _a बाधा
942 _cBOOK
999 _c167678
_d167678